[Event "FRA-chT4 0506"]
[Site "France"]
[Date "2006.01.15"]
[Round "4"]
[White "Couvreur, Remi"]
[Black "Biesbrouck, Philippe"]
[Result "0-1"]
[WhiteElo "1860"]
[BlackElo "1880"]
[PlyCount "56"]
[EventDate "2005.10.02"]
[EventType "team-tourn"]
[EventRounds "9"]
[EventCountry "FRA"]
[SourceTitle "EXT 2007"]
[Source "ChessBase"]
[SourceDate "2006.11.23"]
[SourceVersion "1"]
[SourceVersionDate "2006.11.23"]
[SourceQuality "1"]

1. e4 e5 2. Nf3 Nf6 3. Nxe5 d6 4. Nf3 Nxe4 5. d3 Nf6 6. Nc3 Be7 7. Be2 Be6 8. 0-0 Nbd7 9. Nd4 0-0 10. Bf3 c6 11. Bf4 Qb6 12. Nb3 a5 13. Qc1 Ne5 14. Bxe5 dxe5 15. Qe3 Qc7 16. Nd2 Nd7 17. Rfe1 f5 18. Nc4 Bf6 19. Be2 b5 20. Nd2 Be7 21. Nf3 Rf6 22. Ng5 Bf7 23. Nxf7 Kxf7 24. Bh5+ Kg8 25. d4 Rh6 26. Bf3 e4 27. g3 Nf6 28. Bg2 Ng4 0-1

[Event "FRA-chT4 0506"]
[Site "France"]
[Date "2005.10.16"]
[Round "1"]
[White "Biesbrouck, Philippe"]
[Black "Godard, Adrien"]
[Result "1-0"]
[WhiteElo "1860"]
[BlackElo "1750"]
[PlyCount "57"]
[EventDate "2005.10.02"]
[EventType "team-tourn"]
[EventRounds "9"]
[EventCountry "FRA"]
[SourceTitle "EXT 2007"]
[Source "ChessBase"]
[SourceDate "2006.11.23"]
[SourceVersion "1"]
[SourceVersionDate "2006.11.23"]
[SourceQuality "1"]

1. c4 e5 2. Nc3 Nc6 3. e3 Bc5 4. g3 d6 5. Bg2 Nf6 6. Nge2 Bf5 7. a3 Bd3 8. b4 Bb6 9. Qb3 a5 10. b5 Ne7 11. Bxb7 Rb8 12. Bg2 Bxe2 13. Nxe2 Qc8 14. Qa4 0-0 15. d4 exd4 16. exd4 Qf5 17. Be3 Ng4 18. 0-0 Qd3 19. Nf4 Qf5 20. Qd1 Rfe8 21. Re1 Nxe3 22. fxe3 Ng6 23. Nd5 Qg5 24. Qf3 Re6 25. h4 Qh6 26. Bh3 Ree8 27. Bd7 Rf8 28. h5 Nh8 29. Ne7# 1-0

[Event "FRA-chT4"]
[Site "Ech Ardennais/La Francheville"]
[Date "2004.11.07"]
[Round "2"]
[White "Laurent, Michel"]
[Black "Biesbrouck, Philippe"]
[Result "0-1"]
[WhiteElo "1499"]
[BlackElo "1860"]
[PlyCount "86"]
[EventDate "2004.10.10"]
[EventType "team-tourn"]
[EventRounds "3"]
[EventCountry "FRA"]
[SourceTitle "EXT 2007"]
[Source "ChessBase"]
[SourceDate "2006.11.23"]
[SourceVersion "1"]
[SourceVersionDate "2006.11.23"]
[SourceQuality "1"]

1. e4 e5 2. Nf3 Nf6 3. d3 Nc6 4. c3 d6 5. Be2 Be7 6. b4 a6 7. a3 Bd7 8. h3 0-0 9. Bg5 h6 10. Bxf6 Bxf6 11. 0-0 Be6 12. Nh2 d5 13. Bg4 Qe7 14. Bxe6 Qxe6 15. Nd2 Rad8 16. Qf3 Bg5 17. exd5 Qxd5 18. Ne4 Qxd3 19. Rad1 Qxf3 20. Nxf3 Be7 21. Rfe1 f6 22. Ng3 Rxd1 23. Rxd1 Rd8 24. Rxd8+ Bxd8 25. Nf5 Kf7 26. g4 Ne7 27. Nxe7 Bxe7 28. Kf1 Ke6 29. Ke2 Kd5 30. Nd2 c5 31. f3 b5 32. Kd3 c4+ 33. Ke2 g6 34. Ne4 f5 35. gxf5 gxf5 36. Ng3 Ke6 37. Nh5 Bf6 38. Nxf6 Kxf6 39. Ke3 Kg5 40. f4+ exf4+ 41. Kf3 Kh4 42. Kxf4 Kxh3 43. Kxf5 Kg3 0-1

[Event "FRA-chT4 0203"]
[Site "Champagne Ardenne"]
[Date "2003.04.06"]
[Round "7"]
[White "Biesbrouck, Philippe"]
[Black "Barnier, Christophe"]
[Result "0-1"]
[WhiteElo "1740"]
[BlackElo "1870"]
[PlyCount "130"]
[EventDate "2002.10.02"]
[EventType "team-tourn"]
[EventRounds "7"]
[EventCountry "FRA"]
[SourceTitle "EXT 2005"]
[Source "ChessBase"]
[SourceDate "2004.11.15"]
[SourceVersion "1"]
[SourceVersionDate "2004.11.15"]
[SourceQuality "1"]

1. c4 c5 2. Nc3 Nc6 3. g3 g6 4. Bg2 Bg7 5. e3 d6 6. Nge2 Be6 7. b3 Qd7 8. Nf4 Bf5 9. e4 Be6 10. Nxe6 Qxe6 11. Nd5 Qd7 12. Rb1 e6 13. Ne3 Nb4 14. a3 Nd3+ 15. Ke2 Nxc1+ 16. Qxc1 Ne7 17. Re1 Nc6 18. Nc2 a5 19. b4 0-0 20. b5 Nd4+ 21. Kf1 Rad8 22. a4 f5 23. exf5 exf5 24. Nxd4 Bxd4 25. d3 Rde8 26. Qf4 Re5 27. Bd5+ Kh8 28. Qf3 b6 29. Rxe5 dxe5 30. Re1 Qg7 31. Re2 Qh6 32. Kg2 g5 33. g4 fxg4 34. Qxg4 Qf6 35. f3 Qe7 36. Qe6 Qd8 37. Re4 Rf6 38. Qh3 Qf8 39. Rg4 Be3 40. Be4 Rh6 41. Qg3 Bf4 42. Rxf4 gxf4 43. Qg4 Qg7 44. Qxg7+ Kxg7 45. Bb7 Rd6 46. Be4 h6 47. Kh1 Kf6 48. Kg2 Kg5 49. Kh3 h5 50. Kg2 Kh4 51. Kh1 Rd7 52. Bg6 Rg7 53. Be4 Kg5 54. Bd5 h4 55. Be6 Rg6 56. Bh3 Rd6 57. Bf1 h3 58. Kg1 Kh4 59. Kh1 e4 60. fxe4 f3 61. Kg1 Kg4 62. Kf2 Kf4 63. e5 Re6 64. Bxh3 Rxe5 65. Bf1 Rf5 0-1

[Event "FRA-chT4 0203"]
[Site "Champagne Ardenne"]
[Date "2002.12.08"]
[Round "3"]
[White "Biesbrouck, Philippe"]
[Black "Talbot, Remy"]
[Result "1-0"]
[WhiteElo "1740"]
[BlackElo "1640"]
[PlyCount "85"]
[EventDate "2002.10.02"]
[EventType "team-tourn"]
[EventRounds "7"]
[EventCountry "FRA"]
[SourceTitle "EXT 2005"]
[Source "ChessBase"]
[SourceDate "2004.11.15"]
[SourceVersion "1"]
[SourceVersionDate "2004.11.15"]
[SourceQuality "1"]

1. c4 Nf6 2. Nc3 g6 3. g3 Bg7 4. Bg2 0-0 5. e3 c5 6. Nge2 d6 7. 0-0 Nbd7 8. d4 cxd4 9. exd4 Rb8 10. b3 b6 11. Re1 Bb7 12. d5 Nc5 13. Rb1 a5 14. Be3 Bc8 15. Qd2 Bf5 16. Nd4 Bxb1 17. Nc6 Qd7 18. Nxb8 Rxb8 19. Rxb1 Ng4 20. Bxc5 Bxc3 21. Qxc3 bxc5 22. Bh3 f5 23. Qxa5 Ne5 24. Qc3 Qa7 25. Ra1 Qb7 26. f4 Nd7 27. g4 fxg4 28. Bxg4 Nf6 29. Be6+ Kg7 30. Rf1 Qa7 31. Rf2 Rb6 32. h4 Kh6 33. f5 Ra6 34. a4 Rb6 35. fxg6 hxg6 36. Rg2 Qb8 37. Qe3+ Kg7 38. Qg5 Qe8 39. Bf5 Nh7 40. Qg3 Rb8 41. Bxg6 Qg8 42. Bxh7+ Kxh7 43. Qd3+ 1-0